LEADER 00840nam0-22002891--450- 001 990008258940403321 005 20060119111814.0 035 $a000825894 035 $aFED01000825894 035 $a(Aleph)000825894FED01 035 $a000825894 100 $a20060119d1908----km-y0itay50------ba 101 0 $afre 102 $aFR 105 $ay---n---001yy 200 1 $a<>traites ouvriers$eaccord internationaux de prevoyance et de travail$etextes officiels, commentaire et historique$fAlbert Metin 210 $aParis$cColin$d1908 215 $aXVI, 272 p.$din 16° 676 $a341.4$v11 rid.$zita 700 1$aMetin,$bAlbert$0130335 801 0$aIT$bUNINA$gRICA$2UNIMARC 901 $aBK 912 $a990008258940403321 952 $aX F 59$b381$fFGBC 959 $aFGBC 996 $aTraites ouvriers$9741929 997 $aUNINA LEADER 01117cam0-22003731i-450- 001 990001016260403321 005 20130513095643.0 035 $a000101626 035 $aFED01000101626 035 $a(Aleph)000101626FED01 035 $a000101626 100 $a20001205d1970----km-y0itay50------ba 101 1 $aita$ceng 102 $aIT 105 $ay-------001yy 200 1 $aStrategia della programmazione educativa$estudi comparati$fEdmund J. King 210 $aRoma$cArmando$d1970 215 $a224 p.$d20 cm 225 1 $a<>problemi della pedagogia$v128 454 0$12001$aComparative studies and educational decision$954534 610 0 $aScuola e società 610 0 $aProgrammazione educativa 676 $a370.195 700 1$aKing,$bEdmund J.$048219 801 0$aIT$bUNINA$gRICA$2UNIMARC 901 $aBK 912 $a990001016260403321 952 $a370.195 KIN 2$bBibl.46202$fFLFBC 952 $a370.195 KIN 2 BIS$bPED. 1006$fFLFBC 952 $a1F-021$b8182$fFI1 959 $aFI1 959 $aFLFBC 996 $aComparative studies and educational decision$954534 997 $aUNINA